| 000 | 00000nam##2200000za#4500 |
| 001 | 9.642086 |
| 003 | CaOODSP |
| 005 | 20210624223531 |
| 007 | cr ||||||||||| |
| 008 | 150407|1999||||xxc|||||o f|0| 0 fre|d |
| 040 | |aCaOODSP|bfre |
| 043 | |an-cn--- |
| 086 | 1 |aP35-120/1999F-PDF |
| 110 | 1 |aCanada. |bTravaux publics et services gouvernementaux Canada. |
| 245 | 10|aAccessibilité : |h[ressource électronique]|bl'obligation d'accommoder |
| 260 | |aOttawa - Ontario : |bTravaux publics et Services gouvernementaux Canada |cDécembre 1999. |
| 300 | |a8p.|bfigures, photographies |
| 500 | |aLe n° de catalogue (P35-120/1999) et l'ISBN (0-662-64622-3) de l'édition imprimée bilingue ont été incorrectement copiés dans l'édition électronique. |
| 590 | |a13-16-Supp|b2013-07-12 |
| 691 | 07|aAccessibilité (pour personne handicapée)|2gcpds |
| 691 | 07|aPolitique gouvernementale|2gcpds |
| 775 | 08|tEnsuring access : |w(CaOODSP)9.698091 |
| 776 | 0#|tEnsuring access: the duty to accommodate |w(CaOODSP)9.661463 |
| 776 | 0#|tAccessibilité: l'obligation d'accommoder |w(CaOODSP)9.661464 |
| 856 | 40|ahttp://publications.gc.ca|qPDF|s232 Ko|uhttps://publications.gc.ca/collections/Collection/P35-120-1999F.pdf |